[Event "Mate of the king (Rapid)"]
[Site "Tehran"]
[Date "2009.02.01"]
[Round "6"]
[White "Karpov, Anatoly"]
[Black "Ghaem Maghami, Ehsan"]
[Result "0-1"]
[WhiteElo "2644"]
[BlackElo "2604"]
[PlyCount "96"]
[EventDate "2009.02.01"]
[SourceDate "2009.02.02"]

1. d4 Nf6 2. c4 e6 3. Nc3 Bb4 4. Qc2 d5 5. a3 Bxc3+ 6. Qxc3 dxc4 7. Qxc4 b6 8.
Nf3 O-O 9. Bg5 Ba6 10. Qc2 Nbd7 11. Rd1 Qc8 12. e4 Bxf1 13. Rxf1 Qb7 14. Bxf6
Nxf6 15. e5 Ne4 16. Rd3 c5 17. Re3 f5 18. exf6 Nxf6 19. Qb3 Nd5 20. Re5 Rac8
21. Ng5 Nf4 22. dxc5 Rfd8 23. Rxe6 Nxg2+ 24. Ke2 Qa6+ 25. Kf3 Rd3+ 26. Qxd3
Qxd3+ 27. Kxg2 Qf5 28. f4 Qg4+ 29. Kh1 h6 30. Re5 hxg5 31. Rxg5 Qe2 32. Rfg1
Qf3+ 33. R1g2 Rc7 34. h4 Qf1+ 35. Kh2 Qxf4+ 36. Kh3 bxc5 37. R5g4 Qf5 38. Kh2
Rb7 39. b4 Qe5+ 40. R2g3 cxb4 41. axb4 Qe7 42. Rb3 Qe2+ 43. Kh3 Qf1+ 44. Kh2
Rf7 45. Rbg3 Rf2+ 46. Rg2 Rxg2+ 47. Rxg2 Qf4+ 48. Kh3 Qxb4 {On Time} 0-1

[Event "Mate of the king (Blitz)"]
[Site "?"]
[Date "2009.02.02"]
[Round "9"]
[White "Karpov, Anatoly"]
[Black "Ghaem Maghami, Ehsan"]
[Result "0-1"]
[WhiteElo "2644"]
[BlackElo "2604"]
[Annotator ",Mehrdad"]
[PlyCount "150"]
[EventDate "2009.02.02"]
[TimeControl "240"]

1. d4 Nf6 2. c4 e6 3. Nc3 Bb4 4. Qc2 O-O 5. a3 Bxc3+ 6. Qxc3 b5 7. cxb5 c6 8.
f3 Nd5 9. Qd3 cxb5 10. e4 Nb6 11. Nh3 Nc6 12. Be2 d5 13. exd5 Qxd5 14. Be3 Nc4
15. Bf2 h6 16. O-O e5 17. b3 Nb6 18. dxe5 Bxh3 19. Qxd5 Nxd5 20. gxh3 Nc3 21.
Rfe1 Nxe5 22. Kg2 Nxe2 23. Rxe2 Nd3 24. Bg3 Rfe8 25. Rd2 Nc5 26. Rd5 Re2+ 27.
Bf2 Nxb3 28. Rb1 Na5 29. Rbxb5 Nc4 30. Kg3 Rae8 31. h4 Nxa3 32. Ra5 Nc4 33.
Rxa7 R2e6 34. h5 Re5 35. Rd4 Rc8 36. Rdd7 Rg5+ 37. Kf4 Ne5 38. Re7 Nd3+ 39. Ke3
Nxf2 40. Kxf2 Rf5 41. Ra3 Rf8 42. Kg3 Rxh5 43. h4 Rf5 44. Ra4 Rd8 45. Rf4 Rxf4
46. Kxf4 Rd6 47. Kg3 h5 48. Re5 g6 49. Ra5 Kg7 50. Ra4 Rd3 51. Ra6 Rd7 52. Rb6
f6 53. Ra6 Re7 54. Rb6 Kf7 55. Ra6 Re2 56. Rb6 Re1 57. Ra6 g5 58. hxg5 fxg5 59.
Rh6 Rh1 60. Kg2 Rh4 61. Kg3 Kg7 62. Ra6 Rf4 63. Rb6 Rf6 64. Rb5 Kg6 65. Ra5 Rd6
66. Ra2 h4+ 67. Kg2 Rd5 68. Rb2 Kf5 69. Re2 Rd4 70. Ra2 Kf4 71. Re2 Rc4 72. Ra2
Rb4 73. Re2 h3+ 74. Kf2 Rc4 75. Ra2 g4 0-1

[Event "Mate of the king (Blitz)"]
[Site "?"]
[Date "2009.02.02"]
[Round "10"]
[White "Ghaem Maghami, Ehsan"]
[Black "Karpov, Anatoly"]
[Result "0-1"]
[WhiteElo "2604"]
[BlackElo "2644"]
[PlyCount "68"]
[EventDate "2009.02.02"]

1. e4 c6 2. d4 d5 3. exd5 cxd5 4. c4 Nf6 5. Nc3 e6 6. Nf3 Bb4 7. cxd5 Nxd5 8.
Qc2 Nc6 9. Bd3 Ba5 10. a3 h6 11. O-O O-O 12. Rd1 Nce7 13. Ne5 Bd7 14. Ne4 Nf5
15. Nc5 Bc8 16. b4 Bc7 17. Bb2 b6 18. Ne4 Bb7 19. g3 Rc8 20. Qe2 Qe7 21. Rac1
Bb8 22. b5 Rxc1 23. Rxc1 Rd8 24. Nc6 Bxc6 25. bxc6 Nc7 26. Rc4 b5 27. Rc3 Nxd4
28. Qh5 Rd5 29. Qd1 a5 30. Rc1 Ba7 31. Kg2 a4 32. Qd2 Nb3 33. Qc3 Bd4 34. Qa5
Nxa5 0-1

[Event "Mate of the king (Blitz)"]
[Site "?"]
[Date "2009.02.02"]
[Round "11"]
[White "Karpov, Anatoly"]
[Black "Ghaem Maghami, Ehsan"]
[Result "0-1"]
[WhiteElo "2644"]
[BlackElo "2604"]
[PlyCount "112"]
[EventDate "2009.02.02"]

1. d4 Nf6 2. c4 e6 3. Nc3 Bb4 4. Qc2 O-O 5. a3 Bxc3+ 6. Qxc3 b5 7. cxb5 c6 8.
f3 Nd5 9. Qd3 cxb5 10. e4 Nb6 11. Nh3 Nc6 12. Nf2 a5 13. Bd2 d5 14. e5 f6 15.
Rc1 Nc4 16. b3 fxe5 17. dxe5 N4xe5 18. Qxb5 Nd4 19. Qc5 Nxb3 20. Qe3 Nxc1 21.
Qxe5 Nb3 22. Bg5 Qb6 23. Bd3 Ba6 24. Bxa6 Qxa6 25. Nh3 Rac8 26. Kf2 Qb6+ 27.
Be3 Rc2+ 28. Kg3 Qc7 29. Qxc7 Rxc7 30. Bf4 Rc6 31. Re1 h6 32. Nf2 g5 33. Be5
Nc5 34. Ng4 Kh7 35. h4 gxh4+ 36. Kxh4 Nd7 37. Ba1 Kg6 38. Kg3 h5 39. Nf2 e5 40.
Bxe5 Nxe5 41. Rxe5 Rf5 42. Nd3 Rc3 43. Nf4+ Kg5 44. Nh3+ Kf6 45. Re8 Rxa3 46.
Nf4 h4+ 47. Kg4 Rg5+ 48. Kh3 Ra1 49. Kh2 d4 50. Re4 Rd1 51. Re6+ Kf5 52. Re4 a4
53. Nd5 a3 54. Nb4 Rd2 55. Kh3 Rgxg2 56. Re5+ Kxe5 0-1

[Event "Mate of the king (Blitz)"]
[Site "?"]
[Date "2009.02.02"]
[Round "13"]
[White "Karpov, Anatoly"]
[Black "Ghaem Maghami, Ehsan"]
[Result "1/2-1/2"]
[WhiteElo "2644"]
[BlackElo "2604"]
[PlyCount "92"]
[EventDate "2009.02.02"]

1. d4 Nf6 2. c4 e6 3. Nc3 Bb4 4. Qc2 O-O 5. a3 Bxc3+ 6. Qxc3 b5 7. cxb5 c6 8.
Bg5 cxb5 9. Bxf6 Qxf6 10. e4 a6 11. Nf3 Bb7 12. Qe3 d6 13. Bd3 Nd7 14. O-O Qe7
15. Rfc1 Rfc8 16. b4 Nb6 17. h4 h6 18. Qf4 Nd7 19. Rxc8+ Rxc8 20. Rc1 Rxc1+ 21.
Qxc1 Qd8 22. Kf1 Qc8 23. Qxc8+ Bxc8 24. e5 dxe5 25. Nxe5 Nb6 26. Be4 Kf8 27.
Ke2 Ke7 28. Nc6+ Kd6 29. Na5 Kc7 30. g3 Bd7 31. f4 Bc8 32. Kf3 Nd7 33. g4 Nf6
34. g5 Nxe4 35. Kxe4 Kd6 36. Ke3 Kd5 37. Kd3 f6 38. gxh6 gxh6 39. Nb3 e5 40.
dxe5 fxe5 41. fxe5 Kxe5 42. Ke3 Kd5 43. Kd3 Bf5+ 44. Kc3 Bc8 45. Kd3 Bf5+ 46.
Kc3 Bc8 1/2-1/2

[Event "Mate of the king (Blitz)"]
[Site "?"]
[Date "2009.02.02"]
[Round "15"]
[White "Ghaem Maghami, Ehsan"]
[Black "Karpov, Anatoly"]
[Result "1/2-1/2"]
[WhiteElo "2644"]
[BlackElo "2604"]
[PlyCount "127"]
[EventDate "2009.02.02"]

1. d4 Nf6 2. c4 e6 3. Nc3 Bb4 4. Qc2 d5 5. cxd5 Qxd5 6. Nf3 Qf5 7. Qxf5 exf5 8.
a3 Bd6 9. Bg5 Nbd7 10. e3 h6 11. Bh4 a6 12. Bd3 g6 13. O-O O-O 14. Rac1 Re8 15.
Rfd1 Kg7 16. Bg3 Nb6 17. Be5 Be6 18. h3 Rac8 19. b4 Nbd7 20. Rd2 Red8 21. Bxf6+
Nxf6 22. Rb2 Bd7 23. Ne5 Be8 24. Nc4 f4 25. Rbc2 fxe3 26. fxe3 Rb8 27. Ne4 Nd5
28. Nexd6 cxd6 29. Kf2 Bb5 30. e4 Nf6 31. d5 Bxc4 32. Rxc4 Re8 33. Kf3 Nd7 34.
Rc7 Ne5+ 35. Ke3 Kf8 36. Kd4 Re7 37. a4 Rxc7 38. Rxc7 Ke8 39. b5 axb5 40. axb5
b6 41. Be2 h5 42. g4 hxg4 43. Bxg4 Ra8 44. Rb7 Ra3 45. Be2 Nd7 46. Bg4 Ra4+ 47.
Kc3 Nc5 48. Rxb6 Nxe4+ 49. Kc2 Rb4 50. Rb8+ Ke7 51. b6 f5 52. Be2 Nc5 53. h4
Nd7 54. Rg8 Kf7 55. Rd8 Ke7 56. Rg8 Nxb6 57. Rxg6 Rxh4 58. Re6+ Kd7 59. Bb5+
Kc7 60. Re7+ Kd8 61. Re8+ Kc7 62. Re7+ Kd8 63. Re8+ Kc7 64. Re7+ 1/2-1/2

[Event "Mate of the king (Blitz)"]
[Site "?"]
[Date "2009.02.02"]
[Round "16"]
[White "Ghaem Maghami, Ehsan"]
[Black "Karpov, Anatoly"]
[Result "1/2-1/2"]
[WhiteElo "2604"]
[BlackElo "2644"]
[PlyCount "101"]
[EventDate "2009.02.02"]

1. c4 Nf6 2. Nc3 e5 3. Nf3 Nc6 4. d3 Bb4 5. Bd2 O-O 6. e3 d5 7. cxd5 Nxd5 8.
Qc2 Nxc3 9. Bxc3 Bd6 10. a3 a5 11. Be2 Be6 12. O-O a4 13. Rac1 Re8 14. Rfe1 h6
15. Nd2 Qd7 16. Bf3 Ra6 17. Nc4 Bxc4 18. dxc4 Na5 19. Bxa5 Rxa5 20. Bxb7 Rb8
21. Be4 g6 22. Red1 Qe8 23. Rd5 Rxd5 24. Bxd5 Kg7 25. c5 Be7 26. c6 Ra8 27. Qc4
Bd6 28. e4 h5 29. g3 h4 30. Rc3 hxg3 31. hxg3 Qe7 32. Rf3 f6 33. Kg2 Bc5 34. g4
Bd4 35. g5 Rf8 36. Qxa4 f5 37. Qc2 Qxg5+ 38. Rg3 Qf4 39. exf5 Rxf5 40. b4 Qxf2+
41. Qxf2 Rxf2+ 42. Kh3 Kf6 43. Be4 g5 44. a4 Rb2 45. b5 Ra2 46. Rf3+ Ke7 47.
Kg4 Rxa4 48. Kxg5 Rb4 49. Bd3 e4 50. Bxe4 Rxb5+ 51. Rf5 1/2-1/2

[Event "Mate of the king (Blitz)"]
[Site "?"]
[Date "2009.02.02"]
[Round "17"]
[White "Karpov, Anatoly"]
[Black "Ghaem Maghami, Ehsan"]
[Result "0-1"]
[WhiteElo "2604"]
[BlackElo "2644"]
[PlyCount "74"]
[EventDate "2009.02.02"]

1. d4 Nf6 2. c4 e6 3. Nc3 Bb4 4. Qc2 c6 5. a3 Bxc3+ 6. Qxc3 b5 7. cxb5 O-O 8.
f3 Nd5 9. Qd3 cxb5 10. e4 Nb6 11. h4 Nc6 12. h5 h6 13. Ne2 b4 14. g4 a5 15. Qe3
Ba6 16. f4 Nc4 17. Qg3 Nd6 18. e5 Ne4 19. Qe3 d5 20. g5 hxg5 21. fxg5 Qb6 22.
Bg2 Bxe2 23. Bxe4 dxe4 24. Kxe2 Nxd4+ 25. Kf2 Rac8 26. Rd1 Rc2+ 27. Rd2 Qc5 28.
axb4 axb4 29. h6 Qxe5 30. Kf1 Qf5+ 31. Kg2 Rxd2+ 32. Qxd2 Nb3 33. Qd6 Nxc1 34.
h7+ Kxh7 35. Rxc1 Kg8 36. Rc5 Qf3+ 37. Kg1 Ra8 0-1

[Event "Mate of the king (Blitz)"]
[Site "?"]
[Date "2009.02.02"]
[Round "19"]
[White "Karpov, Anatoly"]
[Black "Ghaem Maghami, Ehsan"]
[Result "0-1"]
[WhiteElo "2644"]
[BlackElo "2604"]
[PlyCount "73"]
[EventDate "2009.02.02"]

1. d4 Nf6 2. c4 e6 3. Nc3 Bb4 4. Qc2 O-O 5. a3 Bxc3+ 6. Qxc3 b5 7. cxb5 c6 8.
f3 Nd5 9. Qd3 cxb5 10. e4 Nb6 11. Ne2 a5 12. Bf4 d5 13. e5 Ba6 14. Qe3 Nc6 15.
b3 a4 16. b4 Nc4 17. Qd3 f6 18. exf6 Qxf6 19. Bg3 Kh8 20. Kf2 Rae8 21. Kg1 e5
22. dxe5 N4xe5 23. Qc3 d4 24. Qc5 Nd3 25. Qd5 Qe7 26. h4 Qf6 27. h5 Rd8 28. Qe4
Nb2 29. Bh4 Qd6 30. Bxd8 Rxd8 31. h6 g6 32. Nf4 d3 33. Rh4 d2 34. Be2 Ne5 35.
Kh2 g5 36. Rh5 Ng6 37. Rxg5 0-1